Statistics for System of a Down Lyrics Quiz

Click here to take the quiz!

General Stats

  • This quiz has been taken 820 times
    (813 since last reset)
  • The average score is 16 of 40

Answer Stats

HintAnswer% Correct
2. Breaking into Fort Knox stealing our intentionsB.Y.O.B.
86%
13. My shit stinks right down to the floorCigaro
64%
18. Why don't you ask the kids at Tiananmen square?Hypnotize
64%
19. Utilizing drugs to pay for secret wars around the worldPrison Song
64%
15. Makes you high, makes you hidePsycho
54%
29. Batallions of riot police with rubber bullet kissesDeer Dance
52%
16. Just find another host, just another fool to roastNeedles
52%
27. My horse is a shackled old manJet Pilot
50%
39. Silent my voice, I've got no choiceATWA
49%
8. No circumcisions on the chairForest
48%
14. Back to the river Aras!Holy Mountains
47%
26. My sweet ClementineRevenga
47%
34. You die for her philosophySuite-Pee
45%
12. Fuck you, pig!Mr. Jack
44%
28. Spirit moves through all thingsScience
40%
6. I want a house and a wifeShimmy
40%
24. I have no reason why it should have been so plainRoulette
39%
31. He wants nothing less but to wear a little dressShe's Like Heroin
39%
1. Why the fuck did you take him away from us you motherfuckers!Soil
39%
11. When the Holy Land was takenWar?
37%
20. Someone kicked her into the back of the lineDreaming
36%
5. Eat all the grass that you wantKill Rock 'N Roll
36%
21. The plan was mastered and called genocideP.L.U.C.K.
35%
9. The ships are multiplying day after day, sirSuggestions
35%
35. All because we all live in the valley of the wallsKnow
33%
4. Life's so unnecessary36
32%
23. Popcorn everywhere, cannedCUBErt
31%
17. Arise as did the gods Ninti and IshkurDarts
31%
22. The bombs are falling overhead with no sightTentative
31%
7. You sent us back in body partsA.D.D
30%
36. When your moon is fake and your mermaids cryPeephole
28%
33. Take me down thereDDevil
27%
10. Free thinkers are dangerousMind
26%
30. Kind of mix really well and a dead movie starStealing Society
25%
40. Hello, my name is RogerJohnny
24%
38. Forgiveness is the ultimate sacrificeSad Statue
24%
25. About high pulse weapons and microwavesThetawaves
24%
32. The lovers connect to the price of his dimeNüguns
22%
37. Goodbyes are longStreamline
21%
3. Extend your legs for great SaturnMarmalade
14%

Score Distribution

Percentile by Number Answered

Percent of People with Each Score

Your Score History

You have not taken this quiz since the last reset